Largest Cities of the Middle East - Statistics

General Stats
  • This quiz has been taken 34 times
  • The average score is 16 of 20
Answer Stats
Country City % Correct
Egypt Cairo
100%
UAE Dubai
97%
Turkey Istanbul
97%
Iran Tehran
97%
Egypt Alexandria
94%
Turkey Ankara
94%
Iraq Baghdad
94%
Qatar Doha
94%
Saudi Arabia Riyadh
94%
Israel Tel Aviv
94%
UAE Abu Dhabi
91%
Syria Damascus
88%
Jordan Amman
82%
Saudi Arabia Jeddah
82%
Turkey Izmir
71%
Iraq Mosul
65%
Iran Isfahan
50%
Iraq Basra
44%
Iran Mashhad
38%
Iran Tebriz
0%
No matching quizzes found
Score Distribution
Percent of People with Each Score
Percentile by Number Answered
Your Score History
You have not taken this quiz